Estadísticas para 50 Países Con La Mayor Persecución Cristiana

Haz click aquí para intentar la prueba.

Estadísticas generales

  • Esta prueba ha sido intentada 70 veces
  • La puntuación promedio es 38 de 50

Estadísticas de respuestas

RangoPaís% Correcto
23China
91%
16Egipto
91%
26Marruecos
91%
5Pakistán
91%
13Arabia Saudita
89%
15Irak
88%
9Irán
88%
17Argelia
86%
27Catar
86%
11Siria
86%
2Afganistán
85%
10India
85%
4Libia
85%
42Omán
85%
7Sudán
85%
36Turquía
85%
34Túnez
83%
8Yemen
83%
50Níger
82%
49Indonesia
80%
33Jordania
80%
3Somalia
80%
47Emiratos Árabes Unidos
78%
24Mauritania
78%
1Corea del Norte
77%
31Tayikistán
77%
22Turkmenistán
75%
18Uzbekistán
75%
38Bangladés
74%
29Malí
74%
32Nepal
74%
46Rusia
74%
12Nigeria
72%
35Kazajistán
71%
37Brunéi
69%
45Bután
69%
6Eritrea
69%
43Kuwait
69%
39Etiopía
68%
40Malasia
68%
19Myanmar
68%
30Sri Lanka
68%
20Laos
66%
21Vietnam
66%
44Kenia
62%
14Maldivas
58%
48Camerún
57%
25República Centroafricana
57%
28Burkina Faso
54%
41Colombia
12%

Distribución de puntuación

Porcentaje por número respondido

Porcentaje de gente con cada puntuación

Historial de tus puntuaciones

No has intentado esta prueba.